| 000 | 00440nam a2200169 4500 | ||
|---|---|---|---|
| 001 | 44892 | ||
| 090 | _a44892 | ||
| 100 | _a20251006 pory50 | ||
| 101 | _apor | ||
| 102 | _aPT | ||
| 200 |
_aos Maias Eça de Queirós _eEnsino secundário _forganizado por professores |
||
| 210 |
_a[Porto] _cGrupo Porto Editora , ideias de ler _d[D.l. 2009] |
||
| 215 | _a64 p. | ||
| 225 | _aResumos | ||
| 675 | _a82.09(07) | ||
| 801 |
_aPT _gRPC |
||
| 990 | _cLIVROS | ||